| 000 | 00856cam a22002655a 4500 | ||
|---|---|---|---|
| 001 | 17205770 | ||
| 005 | 20201128021312.0 | ||
| 008 | 120312s2012 enka frb 001 0 eng d | ||
| 020 | _a9780273768746 | ||
| 040 |
_aDLC _cDLC _beng _dEG-ScBUE |
||
| 082 | 0 | 4 |
_a001 _222 _bWIC |
| 100 | 1 |
_aWickham, Louise. _938669 |
|
| 245 | 1 | 0 |
_aManagement consulting : _bdelivering an effective project / _cLouise Wickham, Jeremy Wilcock. |
| 250 | _a4th ed. | ||
| 260 |
_aHarlow : _bPearson Education Limited, _c2012. |
||
| 300 |
_axix, 331 p. : _bill. ; _c25 cm. |
||
| 500 | _aIndex : p. 319-331. | ||
| 504 | _aIncludes bibliographical references. | ||
| 650 | 7 |
_aBusiness consultants. _2BUEsh _936651 |
|
| 650 | 7 |
_aIndustrial management. _2BUEsh _91569 |
|
| 651 | _2BUEsh | ||
| 653 |
_bBUSADM _cJune2015 _cNovember2015 |
||
| 700 | 1 |
_aWilcock, Jeremy. _97115 |
|
| 942 | _2ddc | ||
| 999 |
_c19738 _d19710 |
||